SOLVENTS AND SOLVENTS (Record no. 5898)

MARC details
000 -LEADER
fixed length control field 00396nam a22001457a 4500
005 - DATE AND TIME OF LATEST TRANSACTION
control field 20240109162939.0
008 - FIXED-LENGTH DATA ELEMENTS--GENERAL INFORMATION
fixed length control field 190529b xxu||||| |||| 00| 0 eng d
020 ## - INTERNATIONAL STANDARD BOOK NUMBER
ISBN 978-93-81595-25-1
041 ## - LANGUAGE CODE
Language code of text/sound track or separate title eng
100 ## - MAIN ENTRY--AUTHOR NAME
Personal name SHIRKHEDKAR, DR. A.,,SURANA,DR. S.J.,BAHETI,B.N.,AND GOKHALE,S.B.
245 ## - TITLE STATEMENT
Title SOLVENTS AND SOLVENTS
260 ## - PUBLICATION, DISTRIBUTION, ETC. (IMPRINT)
Place of publication PUNE
Name of publisher NIRALI PRAKASHAN
300 ## - PHYSICAL DESCRIPTION
Number of Pages 164p,
942 ## - ADDED ENTRY ELEMENTS (KOHA)
Koha item type Books
Holdings
Lost status Damaged status Collection code Home library Current library Shelving location Date acquired Source of acquisition Cost, normal purchase price Accession Number Koha item type
    Reference JRU Library JRU Library SHELF-3-A 29/05/2019 PURCHESS 145.00 22857 Books
    PHARMACY JRU Library JRU Library Shelf - 22- A 29/05/2019 PURCHESS 145.00 22858 Books
    PHARMACY JRU Library JRU Library Shelf - 22- A 29/05/2019 PURCHESS 145.00 22859 Books